00229nam a2200085Ia 4500001000800000005001700008008004100025245005300066260002400119119532820250827021745.0250824s9999 xx 000 0 und d 0aSARAY VE ÖTESİcHALİD ZİYA UŞAKLIGİL bÖZGÜR YAYINLARI